<?xml version="1.0" encoding="UTF-8"?>
<record
    xmlns:xsi="http://www.w3.org/2001/XMLSchema-instance"
    xsi:schemaLocation="http://www.loc.gov/MARC21/slim http://www.loc.gov/standards/marcxml/schema/MARC21slim.xsd"
    xmlns="http://www.loc.gov/MARC21/slim">

  <leader>00966nas1a22002651i 4500</leader>
  <controlfield tag="001">RU\NLR\Per\823427</controlfield>
  <controlfield tag="005">20240921072821.0</controlfield>
  <datafield tag="011" ind1=" " ind2=" ">
    <subfield code="a">2219-1410</subfield>
  </datafield>
  <datafield tag="035" ind1=" " ind2=" ">
    <subfield code="a">(NLR Aleph) 003067371</subfield>
  </datafield>
  <datafield tag="090" ind1=" " ind2=" ">
    <subfield code="a">2282959</subfield>
    <subfield code="c">2282959</subfield>
  </datafield>
  <datafield tag="100" ind1=" " ind2=" ">
    <subfield code="a">20111208a20099999|||y0rusy50      ca</subfield>
  </datafield>
  <datafield tag="101" ind1="0" ind2=" ">
    <subfield code="a">rus</subfield>
  </datafield>
  <datafield tag="102" ind1=" " ind2=" ">
    <subfield code="a">RU</subfield>
  </datafield>
  <datafield tag="110" ind1=" " ind2=" ">
    <subfield code="a">ag|||||||||</subfield>
  </datafield>
  <datafield tag="200" ind1="1" ind2=" ">
    <subfield code="a">&#x423;&#x433;&#x43E;&#x43B;&#x44C; &#x41A;&#x443;&#x437;&#x431;&#x430;&#x441;&#x441;&#x430;</subfield>
    <subfield code="e">&#x43B;&#x443;&#x447;&#x448;&#x435;&#x435; &#x43E;&#x442;&#x440;&#x430;&#x441;&#x43B;&#x435;&#x432;&#x43E;&#x435; &#x438;&#x437;&#x434;&#x430;&#x43D;&#x438;&#x435; &#x420;&#x43E;&#x441;&#x441;&#x438;&#x438;</subfield>
    <subfield code="e">&#x436;&#x443;&#x440;&#x43D;&#x430;&#x43B;</subfield>
  </datafield>
  <datafield tag="210" ind1=" " ind2=" ">
    <subfield code="a">&#x41A;&#x435;&#x43C;&#x435;&#x440;&#x43E;&#x432;&#x43E;</subfield>
    <subfield code="c">&#x41A;&#x443;&#x437;&#x43D;&#x435;&#x446;&#x43A;&#x438;&#x439; &#x43A;&#x440;&#x430;&#x439;</subfield>
    <subfield code="d">2011 -</subfield>
  </datafield>
  <datafield tag="606" ind1="1" ind2=" ">
    <subfield code="a">&#x423;&#x433;&#x43E;&#x43B;&#x44C;&#x43D;&#x430;&#x44F; &#x43F;&#x440;&#x43E;&#x43C;&#x44B;&#x448;&#x43B;&#x435;&#x43D;&#x43D;&#x43E;&#x441;&#x442;&#x44C;</subfield>
    <subfield code="j">&#x41F;&#x435;&#x440;&#x438;&#x43E;&#x434;&#x438;&#x447;&#x435;&#x441;&#x43A;&#x438;&#x435; &#x438;&#x437;&#x434;&#x430;&#x43D;&#x438;&#x44F;</subfield>
    <subfield code="y">&#x41A;&#x443;&#x437;&#x43D;&#x435;&#x446;&#x43A;&#x438;&#x439; &#x431;&#x430;&#x441;&#x441;&#x435;&#x439;&#x43D;</subfield>
    <subfield code="9">2434247</subfield>
    <subfield code="3">RU\NLR\AUTH\661448647</subfield>
  </datafield>
  <datafield tag="686" ind1="1" ind2=" ">
    <subfield code="a">&#x423;30(2)565.1(2&#x420;-4&#x41A;&#x435;)&#x44F;54</subfield>
  </datafield>
  <datafield tag="852" ind1=" " ind2=" ">
    <subfield code="a">NLR</subfield>
    <subfield code="j">&#x41F;23/8350</subfield>
  </datafield>
  <datafield tag="942" ind1=" " ind2=" ">
    <subfield code="c">JOURNAL</subfield>
  </datafield>
  <datafield tag="980" ind1=" " ind2=" ">
    <subfield code="a">RUSPER</subfield>
  </datafield>
</record>
